00927nam a22002777a 45000010009000000050017000090080041000260100017000670220014000840250015000980350024001130370089001370400030002260420007002560500015002630820016002782450051002942460008003452600094003533000017004473100015004643620036004795300024005156500032005397760078005711142604820100505091518.0930730c19919999ii fr p o 0 0eng  a 93901786  a0975-640X aI-E-E-6653 a(OCoLC)ocm28540178  bBahri Books and Periodicals, 997A/9, Gobindpuri, POB 4453, Kalkaji, New Delhi 110019 aDLCcDLCdWaUdOCoLCdWaU alc00aP87b.I54800a302.20522000aInternational journal of communication :bIJC.30aIJC aNew Delhi :bBahri Publications :bSole distributors, Bahri Books and Periodicals,c1991- av. ;c22 cm. aSemiannual0 aVol. 1, no. 1 (Jan.-June 1991)- aAlso issued online. 0aCommunicationvPeriodicals.08iOnline version:tInternational journal of communicationw(OCoLC)607399217